000 00280nam a2200121Ia 4500
008 240624s9999 xx 000 0 und d
041 _aeng
082 _a650.13 HBR
100 _aHBR
245 _aHBR GUIDE TO MANAGING UP AND ACROSS
260 _c2013
_aBoston
_bHBR
365 _cRS
999 _c26784
_d26784